Segundo de Ispizua, su vida y sus obras : recopilación de informes, críticas y juicios en torno a la obra del historiador y geógrafo hispano-americanista, ... recopilación de informes, críticas y juicios en torno a la obra del historiador y geógrafo hispano-americanista, ...
Descripción Física:
144 p. ; 22 cm
MARC
| LEADER | 00000nam a2200000Ia 4500 | ||
|---|---|---|---|
| 001 | 16466 | ||
| 008 | 160829s1934 xx 000 0 cat d | ||
| 080 | |a H-3-96 | ||
| 245 | |a Segundo de Ispizua, su vida y sus obras : |b recopilación de informes, críticas y juicios en torno a la obra del historiador y geógrafo hispano-americanista, ... | ||
| 260 | |a Madrid : |b Gráficas Reunidas, S.A., |c 1934 | ||
| 300 | |a 144 p. ; |c 22 cm | ||
| 590 | |a Conté una imatge de Segundo de Ispizua. | ||
| 590 | |a Prové de 4363, exp. 148 | ||
| 650 | |a Ispizua y Bajeneta, Segundo de |x Crítica i interpretació |9 47139 | ||
| 901 | |a Arxiu | ||
| 942 | |n 1 | ||
| 952 | |0 0 |1 0 |4 0 |6 H396 |7 1 |9 53689 |a Arxiu |b Arxiu |d 2016-12-01 |l 0 |o H-3-96 |p 16466 |r 2016-12-01 00:00:00 |w 2016-12-01 |y ARXIU | ||
| 999 | |c 57555 |d 57555 | ||